Grand 'ol Quiz Stats

 Plays Quiz Updated Sep 23, 2018

Score 0/27 Timer 03:00
3 Plays Today
% Correct
Carol
91.5%
Español
91%
Alcohol
90.7%
Pistol
90.4%
Aerosol
90.1%
Warhol
89.7%
Capitol
88.1%
Parasol
87.8%
Control
87.3%
Protocol
87.1%
Mongol
86.8%
Interpol
86.4%
Pepto-Bismol
85.7%
Symbol
85.6%
% Correct
Patrol
85%
Cholesterol
84%
Bristol
83.7%
Idol
83.5%
Tylenol
81.6%
Viol
79.7%
Cortisol
78%
Extol
73%
Vitriol
72.6%
Googol
71.2%
Sol
68.8%
Sheol
67%
Col
54%

You're not logged in!

Compare scores with friends on all Sporcle quizzes.
OR
Log In

Sporcle TV

Today on Sporcle TV


Watch our educational content, quiz creation guides, and fun videos on Sporcle TV.

Show Comments

Extras

Top Quizzes Today


Score Distribution

Your Account Isn't Verified!

In order to create a playlist on Sporcle, you need to verify the email address you used during registration. Go to your Sporcle Settings to finish the process.

Report this User

Report this user for behavior that violates our Community Guidelines.

Details: